Одновременно: жизнь

Bibliographic Details
Main Author: Гришковец Е. В. Евгений Валерьевич
Summary:«Одновременно: жизнь» - новая книга Евгения Гришковца, основанная на его интернет-дневнике. Кажется, что Гришковец говорит о частной жизни, а получается, что формулирует важные для многих вещи. Те, что тоже вращались в голове, но никак не складывались в высказывание. Делится своими размышлениями о значимых для всех событиях и тоже — формулирует для кого-то то, что никак не удавалось до­думать и проговорить. Насыщенность событиями очередного прошедшего года, в котором каждое последующее событие заслоняет собой предыдущее, не дает шанса осознать всего того, что с нами происходит. Дневник дает возможность спокойно оглянуться на прошедший год. Без суеты.
Language:Russian
Published: Москва, Эксмо, 2014
Series:Гришковец Евгений. Современная проза
Subjects:
Format: MixedMaterials Book
KOHA link:https://koha.lib.tpu.ru/cgi-bin/koha/opac-detail.pl?biblionumber=289687

MARC

LEADER 00000nam0a2200000 4500
001 289687
005 20231102000218.0
010 |a 9785699758784 
035 |a (RuTPU)RU\TPU\book\314200 
090 |a 289687 
100 |a 20150402d2014 m y0rusy50 ca 
101 0 |a rus 
102 |a RU 
105 |a y z 000ay 
200 1 |a Одновременно: жизнь  |f Е. В. Гришковец 
210 |a Москва  |c Эксмо  |d 2014 
215 |a 445 с. 
225 1 |a Гришковец Евгений. Современная проза 
330 |a «Одновременно: жизнь» - новая книга Евгения Гришковца, основанная на его интернет-дневнике. Кажется, что Гришковец говорит о частной жизни, а получается, что формулирует важные для многих вещи. Те, что тоже вращались в голове, но никак не складывались в высказывание. Делится своими размышлениями о значимых для всех событиях и тоже — формулирует для кого-то то, что никак не удавалось до­думать и проговорить. Насыщенность событиями очередного прошедшего года, в котором каждое последующее событие заслоняет собой предыдущее, не дает шанса осознать всего того, что с нами происходит. Дневник дает возможность спокойно оглянуться на прошедший год. Без суеты. 
606 1 |a Русская литература современная  |2 stltpush  |3 (RuTPU)RU\TPU\subj\26373  |9 50316 
610 1 |a художественная литература 
610 1 |a проза 
610 1 |a автобиографические романы 
675 |a Р2  |v 4 
700 1 |a Гришковец  |b Е. В.  |c драматург, театральный режиссёр, актёр, писатель, музыкант  |c лауреат литературных премий: «Антибукер», «Золотая маска», «Триумф»  |f 1967-  |g Евгений Валерьевич  |2 stltpush  |3 (RuTPU)RU\TPU\pers\23984  |9 10599 
801 1 |a RU  |b 63413507  |c 20150402 
801 2 |a RU  |b 63413507  |c 20170217  |g RCR 
942 |c BK 
959 |a 30/20150401  |d 1  |e 346,15  |f ХФ:1